01143nam a22002774a 4500001001200000003000800012006001900020007001500039008004100054020002800095040002100123035002100144050002500165082001500190100002700205245012600232260006100358300002400419504005400443533015200497650002400649650002000673655002900693710001700722856012600739ebr10081810CaPaEBRm u cr cn|||||||||030130s2003 dcua sb 000 0 eng  z1559639741 (alk. paper) aCaPaEBRcCaPaEBR a(OCoLC)61455596314aQL121b.E5794 2003eb04a591.772211 aEllis, Richard,d1938-14aThe empty oceanh[electronic resource] :bplundering the world's marine life /cwritten and illustrated by Richard Ellis. aWashington, DC :bIsland Press/Shearwater Books,cc2003. axiv, 367 p. :bill. aIncludes bibliographical references (p. 307-350). aElectronic reproduction.bPalo Alto, Calif. :cebrary,d2013.nAvailable via World Wide Web.nAccess may be limited to ebrary affiliated libraries. 0aEndangered species. 0aMarine animals. 7aElectronic books.2local2 aebrary, Inc.40uhttp://site.ebrary.com/lib/rucke/Doc?id=10081810zAn electronic book accessible through the World Wide Web; click to view